000
00235 a2200097 4500
001
58250
100
_a
245
_a
Oxford encyclopedia; the natural world
260
_a
New york
_b
Oxford University press
_c
1988
090
_c
35747
_d
35747
942
_a
NUST-CAE
_c
_c
28610
999
_c
293323
_d
293323